01327nam a2200265 a 450000100100000000500170001000800410002702000150006804000250008310000270010824501320013526001250026730000210039249000280041349000970044150400730053850400320061150000780064370000420072170000370076383001040080083000350090495201050093999900170104400004326120201002040752.0140303s2006 sp 000 0 spa d a8483470004 aDO-SdBNPbspacBNPHU1 aPalerm, Ángel95111810aÁngel Palerm /cÁngel Palerm: prólogo de Juan Maestre Alfonso ; ensayo introductorio y notas de Alba González Jácome. aMadrid :bAgencia Española de Cooperación Internacional, Ministerio de Asuntos Exteriores y de Cooperación,c2006. a198 p. ;c23 cm.1 aCiencias y humanismov81 aAntología del pensamiento político social y económico español sobre América Latina aIncluye referencias bibliográficas y notas al pie de las páginas aBibliografía : p. 196-198 aIncluye datos biográficos de la compiladora en la solapa de la cubierta1 aMaestre Alfonso, Juanepról.9677631 aGonzález Jácome, Alba915923 0aAntología del pensamiento político social y económico español sobre América Latina970855 0aCiencias y humanismov8970218 001050718MOaGRbGRcCTd2014-03-03iLF1l0o p43261-10r2020-06-25w2020-06-25y1ZNo se presta c42750d42750